Mangas et anime - Quiz par lettre - T - Statistiques

Statistiques générales
  • Ce quiz a été pris 273 fois
  • Le résultat moyen est 8 sur 20
Statistiques - réponses
Indice Réponse % Correct
Complétez ces titres: _____ Mew Mew, _____ Ghoul, _____ Revengers Tokyo
97%
Animal associé à Muten Roshi, le maître de Goku et Krillin, dans Dragon Ball Tortue
86%
Ninja légendaire un peu alcoolique et 5ème Hokage, dans Naruto Tsunade
84%
Protagoniste de Vinland Saga Thorfinn
75%
Sport pratiqué dans Baby Steps ou Tie Break Tennis
64%
Personnage de Dragon Ball au troisième œil Ten Shin Han
48%
Nom de code de Loid Forger, dans Spy x Family Twilight
48%
Le premier fantôme rencontré dans DanDaDan est Mémé _____ Turbo
45%
Dans FullMetal Alchemist, celle humaine est un interdit absolu Transmutation
43%
Type de personnage froid voire hostile mais qui laisse échapper des marques d'affection de temps en temps Tsundere
41%
Complétez ce titre: ______-bond Hanako-kun Toilet
40%
Assassin à la solde du Ruban Rouge, frère de Tsuru sennin, dans Dragon Ball Tao Pai Pai
31%
Le "Dieu du manga" est un surnom attribué à Osamu ______ Tezuka
25%
Manga dans lequel Vash The Stampede se fait traquer par le monde entier Trigun
21%
Prénom de Sakamoto, dans Sakamoto Days Taro
20%
Anime qui met en scène un jeune homme au regard de tueur et une jeune fille froide et violente dans une comédie romantique Toradora
16%
Art martial nommé "kyūdō", au centre de l'anime Tsurune Tir à l'arc
14%
Manga de 1968 sur un catcheur japonais revenant d'Amérique faut face à une organisation criminelle Tiger Mask
9%
Manga de Baseball contant au départ les aventures des jumeaux Uesugi, avant qu'une tragédie ne survienne Touch
4%
Mot japonais désignant les mangas en format relié Tankobon
2%
Aucun quiz correspondant
Distribution des résultats
% des personnes avec chaque résultat
Percentile par nombre de réponses
Votre historique - résultats
Vous n’avez pas pris ce quiz